Countries with embassies and consulates in Lithuania - Statistics

General Stats
  • This quiz has been taken 96 times
  • The average score is 31 of 34
Answer Stats
Continent Country % Correct
Europe United Kingdom
100%
Asia China
99%
Europe France
99%
Asia/ Europe Russia
99%
North America United States of America
99%
North America Canada
96%
Europe Estonia
96%
Europe Finland
96%
Europe Italy
96%
Europe Norway
96%
Asia/ Europe Turkey
96%
Europe Germany
95%
Europe Denmark
94%
Europe Ireland
94%
Asia Japan
94%
Europe Latvia
94%
Europe Sweden
94%
Europe Ukraine
94%
Europe Belarus
91%
Europe Poland
91%
Europe Spain
91%
Europe the Netherlands
91%
Europe Greece
90%
Europe Hungary
90%
Europe Austria
89%
Europe Croatia
89%
Europe Czech Republic
89%
Europe Romania
87%
Asia Armenia
81%
Asia Georgia
80%
Europe Moldova
77%
Asia Azerbaijan
75%
Asia Israel
71%
Asia Kazakhstan
68%
No matching quizzes found
Score Distribution
Percent of People with Each Score
Percentile by Number Answered
Your Score History
You have not taken this quiz